| 000 | 00989cab a2200265 4500 | ||
|---|---|---|---|
| 001 | ABS67498 | ||
| 008 | 040220n2004 000 0 eng u | ||
| 035 | _a(Sirsi) u125214 | ||
| 100 | _aChapman, P. | ||
| 245 | _aForecast 2004 | ||
| 260 | _c2004 | ||
| 490 |
_aNational Real Estate Investor _v45(12) December 2003, 21-36 (11) |
||
| 520 | _aSeries of articles looking at the fundamental factors that have been affecting the comercial property market in the US over the last few years, together with predictions for the present year. Subject areas specifically covered are: office space; shopping malls; industrial space and hotels. Graphs and charts. | ||
| 590 | _aABS | ||
| 650 | _aUNITED STATES | ||
| 650 | _aOFFICE SPACE | ||
| 650 | _aSHOPPING MALLS | ||
| 650 | _aINDUSTRIAL SPACE | ||
| 650 | _aRETAIL SPACE | ||
| 690 | _aPROPERTY-COMMERCIAL PROPERTY-COMMERCIAL PROPERTY MARKET | ||
| 700 | _aMcLinden, S. | ||
| 700 | _aGose, J. | ||
| 700 | _aMurphy, H. | ||
| 942 | _n0 | ||
| 999 |
_c74164 _d74164 |
||